| 000 | 00634nam a2200181 i 4500 | ||
|---|---|---|---|
| 001 | 148779 | ||
| 003 | ES-MaACL | ||
| 005 | 20230906202813.0 | ||
| 007 | t| | ||
| 008 | 070214s1953 sp af |||| | spa d | ||
| 080 | _a7.031/.036(460) | ||
| 100 | 1 |
_aSubías Galter, Juan ( _d1897-1984) _9108683 |
|
| 245 | 1 | 0 |
_aGuía del arte español _b: itinerario a través de las obras maestras más representativas / _cJuan Subías Galter. |
| 260 |
_aBarcelona : _bProducciones Editoriales del Nordeste, _c1953. |
||
| 300 |
_a86 p., 57 h. de lám. : _bil. ; _c17 cm. |
||
| 650 | 0 | 4 |
_aArte español- _vHistoria. _910194 |
| 852 |
_aES-MaACL _jC-7971 |
||
| 999 |
_c148779 _d148779 |
||